UM Logo

PC world Philippines. (Record no. 7668)

MARC details
000 -LEADER
fixed length control field 00414nam a22001217a 4500
008 - FIXED-LENGTH DATA ELEMENTS--GENERAL INFORMATION
fixed length control field 171106b xxu||||| |||| 00| 0 eng d
082 ## - DEWEY DECIMAL CLASSIFICATION NUMBER
Edition number Sept 2010-Jul 2011 v.22-23
Classification number DPer 004.1605
Item number P43
245 ## - TITLE STATEMENT
Title PC world Philippines.
260 ## - PUBLICATION, DISTRIBUTION, ETC. (IMPRINT)
Place of publication, distribution, etc. Makati City :
Name of publisher, distributor, etc. WS Computer Pub.,
Date of publication, distribution, etc. 2010-2011.
300 ## - PHYSICAL DESCRIPTION
Extent 1(various paging):
Other physical details color illustrations;
Dimensions 26 cm.
650 #0 - SUBJECT ADDED ENTRY--TOPICAL TERM
9 (RLIN) 23110
Topical term or geographic name as entry element Microcomputers -- Periodicals.
942 ## - ADDED ENTRY ELEMENTS (KOHA)
Source of classification or shelving scheme Dewey Decimal Classification
Koha item type Periodicals
Holdings
Withdrawn status Lost status Source of classification or shelving scheme Materials specified (bound volume or other part) Damaged status Not for loan Collection code Home library Current library Source of acquisition Total Checkouts Full call number Barcode Date last seen Copy number Price effective from Koha item type Public note
    Dewey Decimal Classification vol. 22-23     Periodicals UM Digos College - LIC UM Digos College - LIC Purchased   DPer 004.1605 P43 Sept 2010-July 2011 v.22-23 00104 06/08/2021 1 11/06/2017 Periodicals Bound Periodicals